Les personnages de NCIS - Statistiques

Statistiques générales
  • Ce quiz a été pris 98 fois
  • Le résultat moyen est 11 sur 18
Statistiques - réponses
Interprète Saisons Personnage % Correct
Cote de Pablo 9 Ziva David
93%
Mark Harmon 19 Leroy Jethro Gibbs
92%
Michael Weatherly 13 Anthony DiNozzo
91%
Pauley Perrette 15 Abby Sciuto
84%
Sean Murray 24 Timothy McGee
80%
David McCallum 20 Donald "Ducky" Mallard
78%
Brian Dietzen 24 Jimmy Palmer
78%
Sasha Alexander 2 Caitlin "Kate" Todd
69%
Emily Wickersham 8 Eleanor Bishop
69%
Rocky Carroll 19 Leon Vance
64%
Wilmer Valderrama 11 Nick Torres
62%
Lauren Holly 3 Jenny Shepard
49%
Katrina Law 6 Jessica Knight
38%
Maria Bello 4 Jacqueline Sloane
34%
Gary Cole 6 Alden Parker
30%
Diona Reasonover 9 Kasie Hines
28%
Duane Henry 2 Clayton Reeves
24%
Jennifer Esposito 1 Alex Quinn
22%
Aucun quiz correspondant
Distribution des résultats
% des personnes avec chaque résultat
Percentile par nombre de réponses
Votre historique - résultats
Vous n’avez pas pris ce quiz